Crítica de la razón didáctica: materiales para el diseño y desarrollo del curriculum

Saved in:
書目詳細資料
主要作者: Oliva Gil, José (autor)
格式: 圖書
語言:西班牙语
出版: Madrid Playor 1996
主題:
標簽: 添加標簽
沒有標簽, 成為第一個標記此記錄!

MARC

LEADER 00000nam a2200000 a 4500
001 UCH4651
003 CL-VaPUC
008 090827e19960000SP |||||||||||||||||spa|d
020 |a 8435907333 
082 0 4 |a 375  |b OLI  |2 21 
100 |a Oliva Gil, José  |e autor  |9 540304 
245 1 0 |a Crítica de la razón didáctica: materiales para el diseño y desarrollo del curriculum 
300 |a 373 p 
942 |c BK 
945 |d 20090827 00:00:00  |a dcastane 
260 |a Madrid  |b Playor  |c 1996 
650 0 |a Planificación de la educación   |9 307333 
650 0 |a Currículo  |9 307290 
650 7 |a DISEÑO DE CURRICULO  |2 CL-VaPUC  |9 451298 
650 0 |a Métodos de enseñanza  |9 270413 
650 0 |a Epistemología   |9 264994 
583 |a last modification  |c 20090827 00:00:00  |k Rodrigo Vera 
999 |c 335925  |d 335923 
952 |0 0  |1 0  |4 0  |6 375_000000000000000_OLI_1996  |7 0  |8 A  |9 426777  |a BIBEDU  |b BIBEDU  |d 2019-11-22  |i 4594347  |o 375 OLI 1996  |p 4594347  |r 2019-11-22  |w 2019-11-22  |y BK  |k BME